Premier League Relegations: Last Drop by Club - Statistics

General Stats
  • This quiz has been taken 16 times
  • The average score is 34 of 43
Answer Stats
Club Last relegation % Correct
Leeds United 2022-23
100%
Luton Town 2023-24
100%
Ipswich Town 2024-25
100%
Leicester City 2024-25
100%
Southampton 2024-25
100%
Aston Villa 2015-16
93%
Bournemouth 2019-20
93%
Norwich City 2021-22
93%
Watford 2021-22
93%
Barnsley 1997-98
86%
Manchester City 2000-01
86%
Queens Park Rangers 2014-15
86%
Sunderland 2016-17
86%
Stoke City 2017-18
86%
Swansea City 2017-18
86%
Cardiff City 2018-19
86%
Huddersfield Town 2018-19
86%
Fulham 2020-21
86%
West Bromwich Albion 2020-21
86%
Burnley 2023-24
86%
Sheffield United 2023-24
86%
Birmingham City 2010-11
79%
Blackburn Rovers 2011-12
79%
Wolverhampton Wanderers 2011-12
79%
Newcastle United 2015-16
79%
Hull City 2016-17
79%
Oldham Athletic 1993-94
71%
Sheffield Wednesday 1999-2000
71%
Bradford City 2000-01
71%
Coventry City 2000-01
71%
Crystal Palace 2004-05
71%
Derby County 2007-08
71%
Blackpool 2010-11
71%
West Ham United 2010-11
71%
Reading 2012-13
71%
Middlesbrough 2016-17
71%
Swindon Town 1993-94
64%
Nottingham Forest 1998-99
64%
Wimbledon 1999-2000
64%
Bolton Wanderers 2011-12
64%
Wigan Athletic 2012-13
64%
Charlton Athletic 2006-07
57%
Portsmouth 2009-10
57%
No matching quizzes found
Score Distribution
Percent of People with Each Score
Percentile by Number Answered
Your Score History
You have not taken this quiz